Kraków - linia tramwajowa nr 52 - Statystyki

Ogólne statystyki
  • Ten quiz został rozwiązany 17 razy
  • Średni wynik to 19 z 35
Statystyki odpowiedzi
Hint Odpowiedź % Poprawnych
Pętla Czerwone Maki P+R
92%
25. Czyżyny
77%
30. (Pętla pośrednia) Rondo Hipokratesa
77%
3. Ruczaj
77%
29. DH Wanda
69%
Pętla Os. Piastów
69%
28. Rondo Kocmyrzowskie im. Ks. Gorzelanego
69%
18. Rondo Mogilskie
69%
14. Starowiślna
69%
20. Białucha
62%
19. Cystersów
62%
2. Kampus UJ
62%
17. Lubicz
62%
24. Stella-Sawickiego
62%
16. Teatr Słowackiego
62%
23. AKF/PK
54%
27. Bieńczycka
54%
31. Dunikowskiego
54%
5. Grota-Roweckiego
54%
22. Muzeum Lotnictwa Polskiego
54%
4. Norymberska
54%
15. Poczta Główna
54%
11. Rondo Grunwaldzkie
54%
21. (Pętla pośrednia) TAURON Arena Kraków Wieczysta
54%
9. Kapelanka
46%
7. Kobierzyńska
46%
33. Piasta Kołodzieja
46%
13. Stradom
46%
32. Kleeberga
38%
10. Szwedzka
38%
6. Lipińskiego
31%
8. Słomiana
31%
1. Kampus UP JP II
15%
12. Orzeszkowej
0%
26. Rondo Czyżyńskie
0%
Nie znaleziono quizów pasujących do podanych kryteriów
Rozkład punktacji
Procent ludzi z każdym wynikiem
Percentyl według liczby udzielonych odpowiedzi
Twoja historia wyników
Nie rozwiązałeś tego quizu